[Event "Asian Zonal 3.2 2019"]
[Site "Dhaka"]
[Date "2019.03.20"]
[Round "1.1"]
[White "Ranasinghe, S D"]
[Black "Rahman, Ziaur"]
[Result "0-1"]
[WhiteElo "1829"]
[BlackElo "2489"]
[Annotator "TA"]
[PlyCount "266"]
[EventDate "2019.03.14"]
[EventType "swiss"]
[EventCountry "BAN"]
[SourceTitle "playchess.com"]
[Source "ChessBase"]
[SourceQuality "1"]

{[%evp 15,266,9,6,-11,0,-12,-12,-31,-31,-33,-30,-27,-35,-29,-35,-67,-64,-69,-46,-55,-42,-44,-43,-77,-45,-44,-26,-23,-10,-65,-66,-65,0,0,0,0,7,0,12,0,0,-6,8,-24,12,12,0,-28,-36,-28,-29,-50,-25,-43,0,0,0,0,0,0,0,0,0,0,0,0,0,0,0,0,0,0,12,0,13,0,0,0,0,0,0,0,0,0,0,0,0,0,0,0,9,0,0,0,0,0,0,0,0,0,0,0,0,0,0,0,0,0,0,0,0,0,0,0,67,0,0,0,0,0,0,0,0,0,0,0,0,0,0,0,0,0,0,0,0,0,0,0,0,0,0,0,0,0,0,0,0,0,0,0,0,0,0,0,0,-7,0,-7,-7,-7,-7,-7,-7,-7,-7,-7,-7,-7,0,0,0,-7,0,-7,-7,-7,-7,-7,-7,-7,0,0,0,-7,-7,-7,-7,-7,0,-7,-7,-7,0,0,0,-7,-7,-7,0,-8,-8,-8,-8,-8,-8,-8,-8,-8,-8,-8,-7,-8,-7,-8,-8,-8,-8,-8,-8,-8,-8,-8,-8,-8,-8,-8,0,-8,-8,-29979,-29980,-29988,-29989,-29989,-29982,-29982,-29983,-29985,-29986,-29987,-29984,-29986,0,-29987,-29988,-29988,-29989,-29989,-29990,-29990,-29991,-29991,-29992]} 1. d4 g6 2. c4 Bg7 3. Nf3 d6 4. g3 Nf6 5. Bg2 O-O 6. Nc3 c6 7. h3 Bf5 8. O-O Ne4 9. Nxe4 {E62: King's Indian: Fianchetto: 6...c6 and Panno Variation (6...Nc6) without ...a6} Bxe4 10. b3 b5 $146 ({Predecessor:} 10... Nd7 11. Bb2 a5 12. a3 d5 13. cxd5 Bxd5 14. Qc2 Qb6 15. Nd2 Bxg2 16. Kxg2 Rfd8 {0-1 (30) Afonasieva,A (2207)-Assaubayeva,B (2372) St Petersburg 2018}) 11. Bb2 {The position is equal.} bxc4 12. bxc4 Nd7 13. Qd2 Rb8 14. Rac1 c5 15. e3 Qb6 16. Ba1 Qb7 17. Nh4 Bxg2 18. Nxg2 Rfc8 19. Rfd1 Qb4 20. Qe2 Nb6 21. Nf4 Qa4 22. Nd5 (22. dxc5 $11 Rxc5 23. Bxg7 Kxg7 24. Nd3) 22... Nxd5 $15 23. cxd5 c4 ({Black should try} 23... cxd4 $15 24. Bxd4 Rxc1 25. Rxc1 Bxd4 26. exd4 Qxd4 27. Qxe7 Qxd5) 24. Bc3 Qd7 25. Kg2 Rb5 26. e4 Qb7 27. Qf3 f5 28. exf5 Qxd5 29. fxg6 (29. Qxd5+ {with more complications.} Rxd5 30. fxg6 hxg6 31. Rb1 Rc7 32. h4) 29... hxg6 30. Qxd5+ Rxd5 31. f4 Rb5 32. Re1 Kf7 33. Re2 d5 34. Rce1 Rc7 35. g4 Rcb7 36. Kf3 R5b6 37. g5 Ra6 {aiming for ...Ra3.} 38. Kg4 Ra3 39. Rc2 e6 40. h4 Bf8 41. h5 gxh5+ 42. Kxh5 a5 43. Kg4 Rb6 44. Rh1 Bg7 45. Rf1 Kg6 46. Re1 Bf8 47. Rh1 Rb8 48. Re1 Kf7 49. Rf1 Kg7 50. Rh1 Bd6 51. f5 exf5+ 52. Kxf5 Re8 53. Rh6 Rf8+ 54. Ke6 {[%mdl 64] [#] Double Attack} Rd8 55. Rf2 Bf8 (55... Rxc3 $5 56. Rf7+ $8 Kg8 57. Rg6+ Kh8 58. Rh6+ Kg8 59. Rg6+ Kh8 60. Rh6+ Kg8 $11) 56. Rf7+ Kg8 57. Rg6+ Kh8 58. Rf3 {Intending Rh3+ and mate.} Rd6+ 59. Kf7 {Threatening mate with Rh3+.} Rxg6 60. Kxg6 $11 {[%cal Rf3f8][%mdl 4096] Endgame KRB-KRB} Kg8 61. Re3 $1 Rxa2 62. Re8 Ra3 63. Bd2 c3 64. Bf4 Ra1 (64... Ra2 $1 $11) 65. Bd6 ({Better is} 65. Rc8 $14) 65... Rf1 {...c2 is the strong threat.} 66. Rc8 a4 67. Bxf8 Rxf8 68. Rxc3 {KR-KR} Ra8 69. Ra3 Ra6+ 70. Kf5 Kg7 71. Ke5 Ra5 72. Kf5 Kf7 73. Kg4 Ke6 74. Re3+ Kf7 {With the idea ...a3.} 75. Ra3 Ra8 76. Kf5 Kg7 77. Ke5 Ra5 78. Kf5 Kf7 79. Kf4 Kg6 80. Kg4 $1 Ra8 81. Kf4 Re8 {Hoping for ...Re4+.} 82. Rxa4 Re4+ 83. Kf3 Kxg5 84. Rb4 Kf5 85. Ra4 Rh4 86. Ke3 Rh3+ 87. Kd2 $1 Ke4 88. Kc2 Rd3 89. Rb4 Ra3 (89... Rxd4 90. Rb1 $17) (89... Re3 {with more complications.} 90. Ra4 Rf3 91. Rb4 Rg3 92. Ra4 Re3) 90. Kb2 Ra8 91. Kc3 Ke3 92. Rb5 Ke4 93. Rb4 Ra2 94. Kb3 Rh2 (94... Ra1 {looks sharper.} 95. Kc2 Ra7 96. Rb3 Ra2+ 97. Kc3 Ra4) 95. Kc3 Rh8 96. Ra4 Rc8+ 97. Kd2 Rb8 (97... Rc4 {seems wilder.} 98. Ra8 Rxd4+ 99. Kc2 Rc4+ 100. Kd2 Kd4) 98. Kc3 Rb7 99. Kd2 Rb3 100. Kc2 Rh3 (100... Rg3 {keeps more tension.} 101. Ra1 Kxd4 102. Ra4+ Ke5 103. Kd2 Rb3) 101. Kd2 Rh4 102. Rb4 Rf4 103. Ra4 Rf2+ 104. Kc3 Rf3+ 105. Kd2 Rd3+ 106. Kc2 Ke3 107. Rb4 Ra3 108. Kb2 Ra8 109. Kb3 Kd3 110. Kb2 Rc8 111. Kb3 Rc4 112. Rb8 $1 Kxd4 ({Resist} 112... Rxd4 113. Rd8 $17) (112... Rc7 {is interesting.} 113. Kb2 Rd7 114. Rb3+ Kc4 115. Kc2 Ra7) 113. Rh8 Rc3+ 114. Kb2 {Strongly threatening Rh4+.} Re3 115. Kc2 Re2+ 116. Kd1 Kd3 117. Rh5 d4 118. Rh4 Rd2+ 119. Kc1 {White wants to mate with Rh3+.} Rc2+ 120. Kd1 {Rh3+ would kill now.} Rd2+ 121. Kc1 {White threatens Rh3+ and mate.} Rf2 {Threatens to win with ...Kc3.} 122. Rg4 $2 {[%mdl 8192] [#]} (122. Rh3+ $11 Kc4 123. Kd1) 122... Kc3 $1 {[%cal Rf2f1]} 123. Kd1 d3 {[%cal Rf2f1]} 124. Ke1 Re2+ 125. Kf1 Re8 126. Rg7 d2 127. Rc7+ Kb3 128. Rb7+ Kc3 129. Rc7+ $1 Kd3 {Black mates.} 130. Rd7+ Ke3 131. Rd6 Rf8+ 132. Kg2 Rf4 133. Kg3 Rd4 {Accuracy: White = 56%, Black = 61%.} 0-1

[Event "Asian Zonal 3.2 2019"]
[Site "Dhaka"]
[Date "2019.03.20"]
[Round "1.2"]
[White "Mollah Abdullah, Al Rakib"]
[Black "Ghosh, Chanchal Kumer"]
[Result "1-0"]
[WhiteElo "2460"]
[BlackElo "2061"]
[Annotator "TA"]
[PlyCount "37"]
[EventDate "2019.03.14"]
[EventType "swiss"]
[EventCountry "BAN"]
[SourceTitle "playchess.com"]
[Source "ChessBase"]
[SourceQuality "1"]

{[%evp 10,37,45,22,61,61,70,75,79,83,142,131,134,112,140,114,158,162,159,156,149,151,158,159,197,197,495,489,485,472]} 1. d4 Nf6 2. Nf3 d5 3. c4 e6 4. Bg5 Bb4+ 5. Nc3 c5 6. dxc5 Na6 $146 {D38: Queen's Gambit Declined: Ragozin Defence (4 Nf3 Bb4)} ({Predecessor:} 6... h6 7. Bxf6 Qxf6 8. Qd4 Qxd4 9. Nxd4 dxc4 10. e3 Na6 11. Rc1 Nxc5 12. a3 Nd3+ 13. Bxd3 Bxc3+ 14. Rxc3 cxd3 15. Rxd3 {0-1 (55) Szeberenyi,A (2316)-Torma,R (2412) Budapest 2014}) 7. cxd5 Bxc3+ 8. bxc3 Qxd5 {White is better.} 9. Qd4 Qxd4 ({Black should try} 9... O-O) 10. cxd4 $16 Nb4 {Threatening ...Nc2+.} 11. Bxf6 gxf6 12. Kd2 Ke7 13. Rb1 Nc6 14. e4 b6 15. Bb5 $36 {[%mdl 2048] Keeping Black busy.} Bb7 16. Rhc1 {cxb6 is the strong threat.} bxc5 17. Rxc5 Rac8 $2 {[#]} (17... Rhc8 18. Bd3 Nd8) 18. Rbc1 $18 Na5 19. Ba4 1-0

[Event "Asian Zonal 3.2 2019"]
[Site "Dhaka"]
[Date "2019.03.20"]
[Round "1.3"]
[White "Shrestha, Keshav"]
[Black "Hossain, Enamul"]
[Result "0-1"]
[WhiteElo "2044"]
[BlackElo "2438"]
[Annotator "TA"]
[PlyCount "202"]
[EventDate "2019.03.14"]
[EventType "swiss"]
[EventCountry "BAN"]
[SourceTitle "playchess.com"]
[Source "ChessBase"]
[SourceQuality "1"]

{[%evp 12,202,26,16,12,5,24,-8,-6,-7,12,-18,-14,-14,-26,-16,-13,-18,15,9,16,-4,12,8,2,-13,0,-10,-16,-25,0,0,6,-43,-31,-31,-37,-49,0,1,0,-27,-17,-22,-14,-36,0,0,4,-12,-16,-45,-35,-162,-172,-159,-150,-202,-204,-194,-192,-249,-249,-256,-256,-256,-256,-253,-245,-256,-262,-537,-525,-628,-613,-573,-400,-354,-302,-301,-160,-178,-172,-466,-465,-429,-413,-351,-213,-159,11,12,9,8,95,8,76,18,134,76,146,112,213,200,257,135,95,0,0,0,0,0,0,0,0,0,8,0,0,0,0,0,0,-8,-8,-8,-8,-8,-8,0,0,0,0,0,0,0,0,0,0,-3,-3,-8,-8,-8,-8,-8,-8,-70,-107,-907,-913,-1154,-1160,-1141,-595,-1253,-1216,-1212,-595,-592,-588,-584,-584,-617,-394,-1016,-8740,-9363,-691,-12647,-10797,-5804,-846,-543,-73,-73,0,-5688,-4936,-29968,-29968,-29971,-29972,-29976,-29977,-29977,-29978,-29977,-29978,-29979,-29980,-29981,-29982]} 1. e4 c5 2. Nc3 a6 3. Nf3 e6 4. d4 cxd4 5. Nxd4 Qc7 6. Bd3 Nf6 7. Qe2 Bd6 {B43: Sicilian: Kan Variation: 5 Nc3} (7... d6 8. f4 Nbd7 9. g4 Nc5 10. g5 Nfd7 11. Be3 b5 12. a3 Bb7 13. O-O-O Rc8 14. Kb1 e5 15. Nf5 g6 16. Nh6 Bxh6 17. gxh6 exf4 18. Bxf4 {1-0 (36) Zhigalko,A (2545)-Gordievsky,D (2614) St Petersburg 2018}) 8. Nf3 Nc6 9. h3 b5 {The position is equal.} 10. O-O $146 ({Predecessor:} 10. Bd2 Bb7 11. Bxb5 axb5 12. Nxb5 Qb8 13. Nxd6+ Qxd6 14. e5 Qc5 15. exf6 gxf6 {0-1 (40) Matta,V (2274)-Neelotpal,D (2486) New Delhi 2010}) 10... Ne5 11. Bd2 Nxf3+ 12. Qxf3 {Black must now prevent e5!} Bb7 13. Rae1 O-O 14. Qe2 e5 15. Bg5 {With the idea Bxf6.} Be7 16. Kh1 Rae8 17. a4 b4 18. Nb1 {[%cal Bc3b1,Bb1d2,Bd2c4][%mdl 32]} a5 19. Nd2 h6 20. Bh4 d6 21. Bg3 Nd7 {[%cal Bf6d7,Bd7c5,Bc5e6,Be6f4][%mdl 32]} 22. Nc4 Nc5 23. b3 Bg5 24. f3 Ne6 25. Bf2 Nf4 26. Qd1 d5 27. exd5 Bxd5 28. Bb6 {[%mdl 64] Double Attack} Qc6 29. Be4 Bh4 $36 {[%mdl 2048] Black has some pressure.} 30. Bf2 Bxf2 31. Rxf2 Qc5 32. Rd2 (32. Ne3 $15 Bxe4 33. fxe4) 32... Bxc4 $19 33. bxc4 Qxc4 34. Bd5 (34. Kh2 $17 {is a better defense.}) 34... Qc7 $1 35. Bb3 Rd8 36. Rxd8 (36. Kh2 $142) 36... Rxd8 (36... Qxd8 37. Qxd8 Rxd8 38. Rxe5 $11) 37. Qa1 Rd4 38. Qc1 Qd8 39. Qe3 Qg5 {[%csl Gf4][%cal Rg5g2]} 40. Qf2 Nh5 41. Rg1 $2 (41. Kg1) 41... Rd2 42. f4 Qxf4 43. Qxf4 Nxf4 {[%mdl 4096] Endgame KRB-KRN} 44. Re1 Ng6 ({Don't take} 44... Nxg2 45. Rxe5 Nh4 46. Re8+ Kh7 47. Kg1 $19) 45. h4 Rd4 ({Weaker is} 45... Nxh4 46. Rxe5 Nxg2 47. Rxa5 $17) (45... h5 $19 {Strongly threatening ...Kf8.} 46. Re4 Rd4 47. Rxd4 exd4) 46. g3 $17 e4 47. Kg1 $2 (47. Rf1) 47... Ne5 $19 48. Kf2 Ng4+ 49. Ke2 Kf8 50. Rf1 Nf6 $2 (50... f6 $17 51. Rf4 h5) 51. Rf5 $11 Rd7 52. Rxa5 Ng4 (52... Rb7 $11) 53. Rd5 ({White should play} 53. Rb5 $16) 53... Rc7 (53... Rxd5 $11 54. Bxd5 Ke7) 54. a5 (54. Rb5 $16) 54... f6 (54... Ra7 $11 {remains equal.}) 55. a6 (55. Rb5 $142 $1) 55... Ne5 ({Black should try} 55... Ra7) 56. Ke3 Ra7 (56... Ke7 $16) 57. Rd6 $18 Ke7 {[#]} 58. Rb6 (58. Re6+ $1 $18 Kd8 59. Kxe4) 58... Nd7 59. Rxb4 (59. Re6+ $16 Kd8 60. Bc4 (60. Rxe4 Rxa6 61. Rd4 Ra3 $11)) 59... Rxa6 $11 60. Rxe4+ Ne5 61. Rb4 Ra7 62. Ke4 Rc7 63. c4 Nd7 64. Kd5 Rc5+ 65. Kd4 Re5 66. Rb5 Kd6 67. Rb7 Nc5 68. Rb6+ Kc7 69. Rb5 Kc6 {Hoping for ...Re4+.} 70. Bc2 $1 g5 71. Rb8 Ne6+ 72. Kd3 gxh4 73. gxh4 Rh5 74. Kc3 Rxh4 75. Kb4 Rh2 76. Ba4+ Kd6 77. Rb6+ Ke5 {...Rb2+ is the strong threat.} 78. Rb5+ Ke4 79. Bb3 (79. Rd5 $11) 79... Nd4 $15 {aiming for ...Rb2.} 80. Rb6 $2 {[%mdl 8192]} (80. Rb7 $17) 80... Rb2 $19 81. Ka4 Rxb3 82. Rxf6 {KRN-KR} Rh3 83. Kb4 h5 84. c5 Kd5 85. Rd6+ Ke5 86. Kc4 Nf5 87. Rd8 Rh4+ 88. Kb5 $2 (88. Kc3) 88... Nd4+ 89. Kb6 Ne6 90. Rh8 Rh1 91. c6 Kd6 92. Rh6 {[#]} Rb1+ $2 (92... Ke7 $1 $19 {and Black stays clearly on top. Threatens to win with ...h4.} 93. Kb5 h4 94. Rh7+ Kd6 95. Rd7+ Ke5) 93. Ka5 $17 Rh1 94. Kb6 $1 Kd5 95. c7 {[#]} Nxc7 $1 {Black mates.} 96. Kxc7 {KR-KR} h4 {[%cal Bh5h4,Bh4h3,Bh3h2][%mdl 32]} 97. Kd7 h3 98. Rh5+ Ke4 99. Ke6 Kf4 100. Kf6 h2 101. Rh8 Rf1 {Accuracy: White = 35%, Black = 52%.} 0-1

[Event "Asian Zonal 3.2 2019"]
[Site "Dhaka"]
[Date "2019.03.20"]
[Round "1.4"]
[White "Reefat, Bin-Sattar"]
[Black "Mihir Lal, Das"]
[Result "1-0"]
[WhiteElo "2419"]
[BlackElo "2023"]
[Annotator "TA"]
[PlyCount "69"]
[EventDate "2019.03.14"]
[EventType "swiss"]
[EventCountry "BAN"]
[SourceTitle "playchess.com"]
[Source "ChessBase"]
[SourceQuality "1"]

{[%evp 18,69,33,47,45,38,81,29,81,66,120,118,120,118,140,114,114,115,110,127,143,122,143,69,62,73,87,72,91,76,90,91,108,69,79,80,68,73,155,139,562,550,556,541,989,969,5435,5414,29989,29990,29993,29994,29994,29995]} 1. e4 e5 2. Nf3 Nf6 3. d4 Nxe4 4. Bd3 d5 5. Nxe5 Bd6 6. O-O O-O 7. c4 c6 8. Nc3 Nxc3 9. bxc3 Bxe5 10. dxe5 dxc4 {C43: Petroff Defence: 3 d4} 11. Bxc4 Bf5 (11... Qa5 12. Qe2 Be6 13. Bxe6 fxe6 14. Rb1 b6 15. Rd1 Na6 16. Qc4 Nc7 17. Qxc6 Qxe5 18. Ba3 Rf7 19. Qxa8+ {1-0 (19) Ni,S (2427)-Ren,X (2263) China 2018}) 12. Qf3 ({White should try} 12. Ba3 $16) 12... Qh4 $146 (12... Be6 $11 {remains equal.} 13. Bxe6 fxe6) ({Predecessor:} 12... Bg6 13. Qg3 Qa5 14. Be3 Re8 15. f4 Bf5 16. Rad1 Na6 17. Bd4 c5 18. e6 cxd4 19. exf7+ Kh8 20. fxe8=Q+ Rxe8 21. Rxd4 Nc5 22. Rd5 Qb6 23. Qf2 Nd7 24. Rxf5 {1-0 (24) Schorr,L-De Loughry,D Tel Aviv 1964}) 13. Bb3 $16 Be6 (13... Qg4 $14) 14. Ba3 Re8 15. Bxe6 fxe6 16. Rfd1 Qa4 17. Bd6 Nd7 18. Rd4 Qc2 19. Rg4 Nf8 20. Qg3 ({Much weaker is} 20. Qf6 $6 Ng6 $11) (20. h4 $1 $16) 20... Ng6 $14 21. h4 {Black must now prevent h5.} Qf5 22. Rg5 Qf7 {[#]} 23. Rb1 $1 $36 {[%cal Rb1b4][%mdl 2048] Rb4 is the strong threat. White has strong initiative.} b6 {[#]} 24. Rb4 $1 {[%cal Rb4g4]} Ne7 25. Rxg7+ Qxg7 26. Rg4 Ng6 27. h5 Rad8 (27... Kf7 $142) 28. hxg6 $16 h6 $2 {[%mdl 8192]} (28... Kh8 $16 {is more resistant.} 29. Qh4 Rd7) 29. Rh4 $18 Rd7 30. Qh3 c5 31. Rxh6 Rxd6 32. exd6 {White wants to mate with d7!} Qe5 33. Qh4 {White mates.} Qxc3 34. d7 Qa1+ 35. Kh2 {Accuracy: White = 73%, Black = 26%.} 1-0

[Event "Asian Zonal 3.2 2019"]
[Site "Dhaka"]
[Date "2019.03.20"]
[Round "1.5"]
[White "Jabed Al Azad"]
[Black "Thilakarathne, G M H"]
[Result "0-1"]
[WhiteElo "2017"]
[BlackElo "2417"]
[Annotator "TA"]
[PlyCount "58"]
[EventDate "2019.03.14"]
[EventType "swiss"]
[EventCountry "BAN"]
[SourceTitle "playchess.com"]
[Source "ChessBase"]
[SourceQuality "1"]

{[%evp 12,58,11,7,11,8,8,0,2,0,3,0,0,0,0,0,43,50,37,0,12,-11,10,9,36,-125,-112,-113,-114,-109,-102,-310,-168,-180,-180,-181,-187,-207,-135,-251,-193,-223,-196,-488,-478,-627,-620,-620,-614]} 1. e4 c5 2. Nf3 e6 3. d4 cxd4 4. Nxd4 Nf6 5. Bd3 Nc6 6. Nxc6 bxc6 7. O-O e5 {B40: Sicilian: 2...e6, Unusual lines} (7... d5 8. Nd2 Be7 9. c4 O-O 10. Re1 e5 11. cxd5 cxd5 12. exd5 Qxd5 13. Qf3 Bb7 14. Qxd5 Bxd5 15. Nc4 e4 16. Be2 Be6 17. Ne3 Rfd8 {½-½ (62) Fontaine,R (2565)-Harikrishna,P (2731) Switzerland 2018}) 8. b3 Bc5 9. Bb2 d6 {The position is equal.} 10. Nc3 Bd4 11. Na4 Bxb2 $146 12. Nxb2 O-O 13. Re1 d5 14. exd5 cxd5 15. Qd2 Qc7 16. h3 Bb7 17. Rac1 Rad8 18. Nd1 $2 {[#]} (18. c4 $14 {keeps the upper hand.}) 18... e4 $1 $17 19. Bf1 d4 20. Nb2 Rfe8 21. Bb5 $2 (21. Nc4 $17 {was called for.}) 21... Re5 (21... Re6 $142 22. Rcd1 Nh5) 22. Qf4 $19 {[#]} Nd5 $1 $36 {[%cal Rd5f4][%mdl 2048] Black is in control.} 23. Qg3 Qe7 24. Bf1 Nc3 25. a4 (25. Nd1 $17 {is the only way for White.} Nxa2 26. Ra1) 25... h6 26. Qf4 Re6 27. Nd1 $2 (27. Qg3 {keeps fighting.}) 27... Nd5 {Black is clearly winning.} 28. Qd2 e3 29. Qxd4 {[%cal Rf2e3]} exf2+ {[%mdl 64] Discovered Attack. Accuracy: White = 25%, Black = 70%.} 0-1

[Event "Asian Zonal 3.2 2019"]
[Site "Dhaka"]
[Date "2019.03.20"]
[Round "1.6"]
[White "Murshed, Niaz"]
[Black "Md., Sharif Hossain"]
[Result "1-0"]
[WhiteElo "2406"]
[BlackElo "2124"]
[Annotator "TA"]
[PlyCount "59"]
[EventDate "2019.03.14"]
[EventType "swiss"]
[EventCountry "BAN"]
[SourceTitle "playchess.com"]
[Source "ChessBase"]
[SourceQuality "1"]

{[%evp 9,59,59,53,56,63,49,55,50,74,67,58,65,53,31,72,35,90,57,60,55,58,28,47,30,72,13,25,13,43,33,46,18,39,26,3,0,92,-150,-148,-141,-175,-161,-157,-278,-127,-118,-114,-92,812,819,5714,5485]} 1. d4 Nf6 2. c4 e6 3. g3 b6 (3... Bb4+ 4. Bd2 Be7 5. Bg2 d5 6. Nf3 O-O 7. O-O Nbd7 8. a4 a5 9. Qc2 Ne4 10. Be3 c6 11. Na3 f5 12. Ne1 Bf6 13. Nd3 Kh8 14. Rae1 Re8 15. Rc1 c5 16. Nxc5 Nexc5 17. dxc5 {1-0 (41) Yu,Y (2764)-Le,Q (2714) Caleta 2019}) 4. Bg2 c6 5. e4 d5 6. e5 {E00: Catalan Bogo-Indian (3 g3 Bb4+)} Nfd7 7. Nd2 Ba6 8. Qb3 $146 {White is slightly better.} ({Predecessor:} 8. b3 Bb4 9. Qc2 f6 10. Ngf3 fxe5 11. dxe5 dxc4 12. bxc4 {1-0 (21) Flear,C (2250)-Chapelle,E Bastia 1997}) 8... dxc4 9. Nxc4 b5 10. Ne3 Nb6 11. Nc2 Nc4 12. Nf3 (12. Ne2 {with more complications.} Nd7 13. O-O Rc8 14. Ne3 Ncb6 15. Rd1) 12... Qa5+ (12... Be7 $14) 13. Bd2 (13. Nd2 {is interesting.} Be7 14. Qf3 O-O 15. b3 Nxd2 16. Bxd2 b4 17. h4) 13... Nxd2 14. Nxd2 Be7 15. Rd1 O-O 16. O-O Bb7 17. Ne4 (17. f4 $16) 17... Nd7 $11 18. Ne3 Qb6 19. Qc2 Rac8 20. Qe2 (20. b4 $5) 20... c5 21. d5 Nxe5 22. f4 exd5 (22... Ng6 $1 $11 {remains equal.}) 23. fxe5 $2 (23. Nc3 $1 $16 {is necessary to keep the advantage.} c4 24. Kh1 (24. fxe5 Bc5 $11)) 23... dxe4 $17 24. Nf5 c4+ 25. Kh1 Rc7 26. h4 (26. Bxe4 $17 b4 27. Qf3) 26... Qe6 (26... g6 $19 27. Qg4 Qc5) 27. Qg4 {[%csl Gf5][%cal Rg4g7]} Qg6 ({Inferior is} 27... Qxe5 28. Nh6+ Kh8 29. Nxf7+ Rxf7 30. Rxf7 $16) 28. Qf4 {[#] Strongly threatening e6.} b4 $2 {[%mdl 8192] [#]} (28... e3 $1 $17 29. Qxe3 Qg4) 29. e6 $1 $18 {[%mdl 64] Discovered Attack} Rfc8 {[#]} 30. Qxc7 $1 {[%mdl 576] Remove Defender. Accuracy: White = 39%, Black = 29%.} 1-0

[Event "Asian Zonal 3.2 2019"]
[Site "Dhaka"]
[Date "2019.03.20"]
[Round "1.7"]
[White "Uddin, Saif"]
[Black "Mohammad Minhaz Uddin"]
[Result "0-1"]
[WhiteElo "1989"]
[BlackElo "2279"]
[Annotator "TA"]
[PlyCount "72"]
[EventDate "2019.03.14"]
[EventType "swiss"]
[EventCountry "BAN"]
[SourceTitle "playchess.com"]
[Source "ChessBase"]
[SourceQuality "1"]

{[%evp 9,72,26,25,19,28,27,33,22,31,10,20,5,22,11,38,10,14,0,0,0,0,0,0,0,0,0,51,30,27,22,40,39,39,14,29,-18,-9,-9,-9,-23,-6,-144,-151,-282,-242,-297,-295,-270,-216,-346,-323,-300,-281,-358,-356,-331,-337,-534,-533,-517,-469,-806,-800,-1440,-1429]} 1. Nf3 Nf6 2. b4 {[%cal Bb2b4,Bb4b5][%mdl 32]} e6 3. a3 a5 4. b5 b6 (4... c5 5. bxc6 bxc6 6. g3 d5 7. Bg2 Bd6 8. Bb2 O-O 9. O-O Nbd7 10. d3 Qe7 11. c4 {1-0 (49) Bocharov,D (2558)-Smirnov,P (2595) Khanty-Mansiysk 2015}) 5. c4 Bb7 6. e3 {A00: Irregular Openings} d6 $146 ({Predecessor:} 6... d5 7. d4 Bd6 8. Bb2 O-O 9. Nbd2 Qe7 10. Be2 {0-1 (23) Zhukov,V (1941)-Smolskiy,M (2025) Tula 2008}) 7. d4 Nbd7 8. Bb2 {White is slightly better.} Ne4 9. Nbd2 (9. Bd3 {seems wilder.} f5 10. Qc2 Be7 11. O-O O-O 12. Nbd2) 9... Nxd2 10. Qxd2 f5 11. Be2 g6 {[%cal Bg7g6,Bg6g5,Bg5g4][%mdl 32]} 12. Rd1 Bg7 13. O-O O-O 14. Qc1 Qe7 15. a4 g5 16. Ba3 g4 17. Ne1 Qh4 (17... c5 $11) 18. f3 g3 {[%csl Gg3][%cal Rh4h2]} 19. h3 f4 20. e4 Qg5 {[#]} 21. e5 $1 {[%mdl 512]} dxe5 22. c5 bxc5 $1 23. dxc5 Bd5 $36 {[%mdl 2048] Black fights for an advantage.} 24. Bc4 Nf6 {[%cal Bd7f6,Bf6e4,Be4c3][%mdl 32]} 25. Nd3 {[#]} (25. Bb2 $11 {remains equal.}) 25... e4 $1 $17 {[%cal Re4d3]} 26. fxe4 (26. Ne1 $17 {might work better.}) 26... Nxe4 $19 27. Bxd5 Bd4+ ({Less strong is} 27... exd5 28. Bb2 $17) (27... Qxd5 28. Nxf4 Bd4+ 29. Kh1 $11) 28. Kh1 exd5 ({And not} 28... Qxd5 29. Nxf4 Qe5 30. Nd3 $11) 29. c6 (29. Rde1 {was called for.} Be3 30. Qd1) 29... Be3 30. Qc2 Rf7 31. Qe2 Nc3 32. Qf3 {intending Rde1.} Nxd1 33. Rxd1 (33. Qxd1 {is the only way for White.} Re8 34. Bb2) 33... Re8 {[%cal Ba8e8,Be8e6,Be6h6][%mdl 32] Black is clearly winning.} 34. Bb2 Re6 35. Bc3 (35. Ne1 $142 Re4 36. Nc2) 35... Qf5 36. Bxa5 Rh6 {Precision: White = 42%, Black = 69%.} 0-1

[Event "Asian Zonal 3.2 2019"]
[Site "Dhaka"]
[Date "2019.03.20"]
[Round "1.8"]
[White "Mohammad Fahad, Rahman"]
[Black "Zia, Tahsin Tajwar"]
[Result "1-0"]
[WhiteElo "2278"]
[BlackElo "1981"]
[Annotator "TA"]
[PlyCount "97"]
[EventDate "2019.03.14"]
[EventType "swiss"]
[EventCountry "BAN"]
[SourceTitle "playchess.com"]
[Source "ChessBase"]
[SourceQuality "1"]

{[%evp 30,97,42,25,43,18,24,19,20,23,18,23,26,26,34,31,25,0,0,0,0,0,0,0,48,42,42,42,42,42,47,42,55,68,90,93,98,98,93,94,101,97,135,145,233,225,229,227,260,255,253,214,288,274,316,258,320,335,317,331,327,302,302,302,245,73,200,74,350,312]} 1. e4 c5 2. Nf3 d6 3. d4 cxd4 4. Nxd4 Nf6 5. Nc3 Nc6 6. Bg5 e6 7. Qd2 a6 8. O-O-O Bd7 9. f4 Be7 10. Nf3 b5 11. Bxf6 gxf6 12. Kb1 Qb6 13. f5 O-O-O 14. g3 Kb8 15. fxe6 fxe6 16. Bh3 Na5 {B69: Sicilian: Richter-Rauzer: 7...a6 8 0-0-0 Bd7 9 f4 Be7 10 Nf3 b5 11 Bxf6} 17. Nd4 (17. Rhe1 b4 18. Ne2 e5 19. Bxd7 Rxd7 20. Qd5 Rc8 21. b3 Rdc7 22. Rd2 Nc6 23. Nh4 Na7 24. Nf5 {0-1 (60) Le,Q (2715)-Gupta,A (2588) Douglas 2018}) 17... b4 $1 {[%cal Rb4c3]} 18. Nce2 {[%cal Bc3e2,Be2c1,Bc1b3][%mdl 32]} e5 {The position is equal.} 19. Bxd7 Rxd7 20. Nf5 Nc4 21. Qd3 Rc8 22. Nc1 a5 $146 {[%cal Ba6a5,Ba5a4][%mdl 32]} ({Predecessor:} 22... Bf8 23. Nb3 Rdc7 24. Nd2 Nxb2 25. Kxb2 {½-½ (35) Ortiz Suarez,I (2514)-Ruiz Sanchez,O (2385) Merida 2018}) 23. Rhe1 Rdc7 24. Nb3 a4 {Strongly threatening ...a3.} 25. Nxe7 Rxe7 26. Nd2 Na5 (26... Nxb2 $5 27. Kxb2 Rc3 $14) 27. Nf1 $36 {[%mdl 2048] White has the initiative.} Nc4 28. Ne3 Nxe3 29. Qxe3 Qxe3 30. Rxe3 $14 {[%mdl 4096] Endgame KRR-KRR} Re6 31. b3 a3 {[#]} 32. c3 $1 {[%mdl 512]} Rxc3 (32... bxc3 33. Kc2) 33. Rxc3 bxc3 $16 {KR-KR} 34. Kc2 Kc7 35. Kxc3 Kc6 36. Kb4 f5 (36... Re8 $16 37. Kxa3 Rf8) 37. exf5 $18 Rf6 38. g4 (38. Kxa3 Rxf5 39. Kb4 Rf2 $14) 38... d5 {[#]} 39. Rf1 $1 (39. Kxa3 d4 $14) 39... Kd6 40. g5 (40. Kxa3 $6 e4 $16) 40... Rf8 41. h4 (41. Kxa3 e4 $16) 41... e4 42. h5 ({Weaker is} 42. Kxa3 Ke5 $11) 42... Ke5 43. f6 e3 44. f7 ({Worse is} 44. Kxa3 d4 $15) 44... e2 45. Re1 Rxf7 46. Rxe2+ Kd4 47. Rd2+ $2 ({Much less strong is} 47. Kxa3 Kc3) (47. g6 $18 {is more deadly.} hxg6 48. hxg6) 47... Ke4 $16 {[#]} 48. Kc5 (48. g6 $1 $18 {[%cal Rg6f7] and the rest is easy.} hxg6 49. hxg6) 48... Rf5 $2 {[%mdl 8192]} (48... Rc7+ $16 49. Kd6 Rc1) 49. Rd4+ {Accuracy: White = 71%, Black = 54%.} 1-0